<?xml version="1.0" encoding="UTF-8"?><?xml-stylesheet type="text/xsl" href="static/style.xsl"?><OAI-PMH xmlns="http://www.openarchives.org/OAI/2.0/" xmlns:xsi="http://www.w3.org/2001/XMLSchema-instance" xsi:schemaLocation="http://www.openarchives.org/OAI/2.0/ http://www.openarchives.org/OAI/2.0/OAI-PMH.xsd"><responseDate>2026-04-13T08:17:12Z</responseDate><request verb="GetRecord" identifier="oai:www.recercat.cat:11351/12552" metadataPrefix="marc">https://recercat.cat/oai/request</request><GetRecord><record><header><identifier>oai:recercat.cat:11351/12552</identifier><datestamp>2025-10-24T10:47:53Z</datestamp><setSpec>com_2072_431750</setSpec><setSpec>com_2072_378040</setSpec><setSpec>col_2072_431760</setSpec></header><metadata><record xmlns="http://www.loc.gov/MARC21/slim" xmlns:dcterms="http://purl.org/dc/terms/" xmlns:xsi="http://www.w3.org/2001/XMLSchema-instance" xmlns:doc="http://www.lyncode.com/xoai" xsi:schemaLocation="http://www.loc.gov/MARC21/slim http://www.loc.gov/standards/marcxml/schema/MARC21slim.xsd">
   <leader>00925njm 22002777a 4500</leader>
   <datafield ind2=" " ind1=" " tag="042">
      <subfield code="a">dc</subfield>
   </datafield>
   <datafield ind2=" " ind1=" " tag="260">
      <subfield code="c">2025-02-05T12:29:39Z</subfield>
   </datafield>
   <datafield ind2=" " ind1=" " tag="260">
      <subfield code="c">2025-02-05T12:29:39Z</subfield>
   </datafield>
   <datafield ind2=" " ind1=" " tag="260">
      <subfield code="c">2025-01</subfield>
   </datafield>
   <datafield ind2=" " ind1=" " tag="520">
      <subfield code="a">Vitamines; Minerals; Complements alimentaris</subfield>
   </datafield>
   <datafield ind2=" " ind1=" " tag="520">
      <subfield code="a">Vitaminas; Minerales; Complementos alimenticios</subfield>
   </datafield>
   <datafield ind2=" " ind1=" " tag="520">
      <subfield code="a">Vitamins; Minerals; Food supplements</subfield>
   </datafield>
   <datafield ind2=" " ind1=" " tag="520">
      <subfield code="a">Aquest document analitza els perills de la hipervitaminosi, centrant-se específicament en els excessos de vitamina D, E, K i vitamina B3 (niacina).</subfield>
   </datafield>
   <datafield ind2=" " ind1=" " tag="520">
      <subfield code="a">Este documento analiza los peligros de la hipervitaminosis, centrándose específicamente en los excesos de vitamina D, E, K y vitamina B3 (niacina).</subfield>
   </datafield>
   <datafield ind2=" " ind1=" " tag="520">
      <subfield code="a">This document analyzes the dangers of hypervitaminosis, focusing specifically on excesses of vitamin D, E, K, and vitamin B3 (niacin).</subfield>
   </datafield>
   <datafield ind1="8" ind2=" " tag="024">
      <subfield code="a">http://hdl.handle.net/11351/12552</subfield>
   </datafield>
   <datafield tag="653" ind2=" " ind1=" ">
      <subfield code="a">Hipervitaminosi</subfield>
   </datafield>
   <datafield tag="653" ind2=" " ind1=" ">
      <subfield code="a">Suplements nutritius</subfield>
   </datafield>
   <datafield tag="653" ind2=" " ind1=" ">
      <subfield code="a">TECHNOLOGY, INDUSTRY, AND AGRICULTURE::Food and Beverages::Food::Dietary Supplements</subfield>
   </datafield>
   <datafield tag="653" ind2=" " ind1=" ">
      <subfield code="a">CHEMICALS AND DRUGS::Chemical Actions and Uses::Pharmacologic Actions::Physiological Effects of Drugs::Growth Substances::Nutrients::Micronutrients::Vitamins</subfield>
   </datafield>
   <datafield tag="653" ind2=" " ind1=" ">
      <subfield code="a">TECNOLOGÍA, INDUSTRIA Y AGRICULTURA::alimentos y bebidas::alimentos::suplementos dietéticos</subfield>
   </datafield>
   <datafield tag="653" ind2=" " ind1=" ">
      <subfield code="a">COMPUESTOS QUÍMICOS Y DROGAS::acciones y usos químicos::acciones farmacológicas::efectos fisiológicos de los fármacos::sustancias del crecimiento::nutrientes::micronutrientes::vitaminas</subfield>
   </datafield>
   <datafield ind2="0" ind1="0" tag="245">
      <subfield code="a">Quan l’excés de vitamines és el problema: les hipervitaminosis i els complements alimentaris; segona part</subfield>
   </datafield>
   <datafield ind2="0" ind1="0" tag="245">
      <subfield code="a">Cuando el exceso de vitaminas es el problema: la hipervitaminosis y los complementos alimenticios. Segunda parte</subfield>
   </datafield>
</record></metadata></record></GetRecord></OAI-PMH>